[Event "POR-ch U14/20"]
[Site "Fatima"]
[Date "2022.04.12"]
[Round "5"]
[White "Bernardo, Beatriz Nunes"]
[Black "Rodrigues, Jose Pedro Da Costa"]
[Result "0-1"]
[WhiteElo "1144"]
[BlackElo "1533"]
[PlyCount "68"]
[EventDate "2022.04.10"]
[EventType "swiss"]
[EventRounds "9"]
[EventCountry "POR"]
[SourceTitle "EXT 2023"]
[Source "ChessBase"]
[SourceDate "2022.10.05"]
[SourceVersion "1"]
[SourceVersionDate "2022.10.05"]
[SourceQuality "1"]

1. e4 c6 2. d4 d5 3. exd5 cxd5 4. Bd3 Nc6 5. c3 Nf6 6. Bf4 g6 7. Nf3 Bg7 8. 0-0 Bg4 9. Nbd2 Nh5 10. Be3 Nf6 11. h3 Bf5 12. Bxf5 gxf5 13. Bf4 Rg8 14. Qe2 a6 15. Rfe1 Ne4 16. Ng5 h6 17. Ngxe4 fxe4 18. Nb3 e5 19. Bg3 exd4 20. cxd4 Nxd4 21. Nxd4 Bxd4 22. Kh1 Qg5 23. Rad1 Bb6 24. h4 Qf5 25. Rf1 Rd8 26. Qc2 Qe6 27. Qa4+ Kf8 28. Qb4+ Kg7 29. Be5+ Kh7 30. Bd4 Qg4 31. g3 Qh3+ 32. Kg1 Rxg3+ 33. fxg3 Qxg3+ 34. Kh1 Qxh4+ 0-1

[Event "POR-ch U14/20"]
[Site "Fatima"]
[Date "2022.04.10"]
[Round "1"]
[White "Bernardo, Beatriz Nunes"]
[Black "Sousa, Ricardo Miguel Mora"]
[Result "0-1"]
[WhiteElo "1144"]
[BlackElo "2077"]
[PlyCount "30"]
[EventDate "2022.04.10"]
[EventType "swiss"]
[EventRounds "9"]
[EventCountry "POR"]
[SourceTitle "EXT 2023"]
[Source "ChessBase"]
[SourceDate "2022.10.05"]
[SourceVersion "1"]
[SourceVersionDate "2022.10.05"]
[SourceQuality "1"]

1. e4 c6 2. Nc3 d5 3. d4 dxe4 4. Nxe4 Nd7 5. Nf3 Ngf6 6. Nc3 e6 7. Be3 Bd6 8. Qd2 0-0 9. 0-0-0 Qa5 10. Bc4 b5 11. Bb3 Bb4 12. Bg5 Ne4 13. Qe1 Nxc3 14. bxc3 Bxc3 15. Bd2 Qa3+ 0-1